Freestanding birth centers : (Record no. 60339)

MARC details
000 -LEADER
fixed length control field 00960cam a2200301 i 4500
001 - CONTROL NUMBER
control field 19433124
005 - DATE AND TIME OF LATEST TRANSACTION
control field 20260413093917.0
008 - FIXED-LENGTH DATA ELEMENTS--GENERAL INFORMATION
fixed length control field 170106s2017 nyua b 001 0 eng
010 ## - LIBRARY OF CONGRESS CONTROL NUMBER
LC control number 2017000292
020 ## - INTERNATIONAL STANDARD BOOK NUMBER
International Standard Book Number 9780826125897
020 ## - INTERNATIONAL STANDARD BOOK NUMBER
Cancelled/invalid ISBN 9780826125927 (ebook)
035 ## - SYSTEM CONTROL NUMBER
System control number 19433124
035 ## - SYSTEM CONTROL NUMBER
System control number (DNLM)101698314
040 ## - CATALOGING SOURCE
Original cataloging agency DNLM/DLC
Transcribing agency DLC
Description conventions rda
Modifying agency DLC
042 ## - AUTHENTICATION CODE
Authentication code pcc
050 00 - LIBRARY OF CONGRESS CALL NUMBER
Classification number RG960
Item number .F74 2017
651 #2 - SUBJECT ADDED ENTRY--GEOGRAPHIC NAME
Geographic name United States
245 00 - TITLE STATEMENT
Title Freestanding birth centers :
Remainder of title innovation, evidence, optimal outcomes /
260 ## - PUBLICATION, DISTRIBUTION, ETC. (IMPRINT)
Place of publication, distribution, etc New York:
Name of publisher, distributor, etc Spinger publishing Company/
Date of publication, distribution, etc 2017.
300 ## - PHYSICAL DESCRIPTION
Extent i, 366 pages :
Other physical details illustrations ;
Dimensions 23 cm
504 ## - BIBLIOGRAPHY, ETC. NOTE
Bibliography, etc Includes bibliographical references and index.
650 12 - SUBJECT ADDED ENTRY--TOPICAL TERM
Topical term or geographic name as entry element Birthing Centers
700 1# - ADDED ENTRY--PERSONAL NAME
Personal name Cole, Linda J.,
Relator term editor.
700 1# - ADDED ENTRY--PERSONAL NAME
Personal name Avery, Melissa D.,
Relator term editor.
906 ## - LOCAL DATA ELEMENT F, LDF (RLIN)
a 7
b cbc
c orignew
d 1
e ecip
f 20
g y-gencatlg
942 ## - ADDED ENTRY ELEMENTS (KOHA)
Source of classification or shelving scheme Library of Congress Classification
Item type Book
Holdings
Withdrawn status Lost status Source of classification or shelving scheme Damaged status Not for loan Collection code Home library Current library Shelving location Date acquired Source of acquisition Cost, normal purchase price Total Checkouts Full call number Barcode Date last seen Copy number Price effective from Koha item type
    Library of Congress Classification   Not For Loan Non-fiction Bishop Okullu Memorial Library (Limuru Campus) Bishop Okullu Memorial Library (Limuru Campus) Processing Center 13/04/2026 Donation- Pittsburgh 7793.00   RG960 .F74 2017 073299 13/04/2026 1 13/04/2026 Book